| 000 | 00507cam a2200193 a 4500 | ||
|---|---|---|---|
| 020 | _a9788183212458 | ||
| 020 | _a818321245X | ||
| 082 | 0 | 4 |
_a631.40954 _bSIN/CR |
| 245 | 0 | 0 | _aCrop modelling for land use planning / |
| 260 |
_aUdaipur : _bAgrotech Pub. Academy, _c2011. |
||
| 300 |
_a408 p. : _bill. ; |
||
| 650 | 0 | _aCrops and soils | |
| 650 | 0 | _aCrops and climate | |
| 650 | 0 | _aCrop yields | |
| 650 | 0 | _aLand use, Rural | |
| 700 | 1 | _aSingh, Aditya Kumar, | |
| 700 | 1 | _aSingh, Ram Sakal, | |
| 942 | _cBK | ||
| 999 |
_c13719 _d13719 |
||